Foundations of bilingual education and bilingualism / (Record no. 31289)

000 -LEADER
fixed length control field 01608cam a22004454a 4500
001 - CONTROL NUMBER
control field 14051019
003 - CONTROL NUMBER IDENTIFIER
control field OSt
005 - DATE AND TIME OF LATEST TRANSACTION
control field 20220301160738.0
008 - FIXED-LENGTH DATA ELEMENTS--GENERAL INFORMATION
fixed length control field 050725s2006 enka b 001 0 eng
010 ## - LIBRARY OF CONGRESS CONTROL NUMBER
LC control number 2005021289
015 ## - NATIONAL BIBLIOGRAPHY NUMBER
National bibliography number GBA599473
Source bnb
016 7# - NATIONAL BIBLIOGRAPHIC AGENCY CONTROL NUMBER
Record control number 013343504
Source Uk
020 ## - INTERNATIONAL STANDARD BOOK NUMBER
International Standard Book Number 1853598658 (hbk : alk. paper)
020 ## - INTERNATIONAL STANDARD BOOK NUMBER
International Standard Book Number 185359864X (pbk : alk. paper)
020 ## - INTERNATIONAL STANDARD BOOK NUMBER
International Standard Book Number 1853598666 (electronic)
020 ## - INTERNATIONAL STANDARD BOOK NUMBER
International Standard Book Number 9781853598654
020 ## - INTERNATIONAL STANDARD BOOK NUMBER
International Standard Book Number 9781853598647
020 ## - INTERNATIONAL STANDARD BOOK NUMBER
International Standard Book Number 9781853598661
035 ## - SYSTEM CONTROL NUMBER
System control number (OCoLC)ocm61253837
040 ## - CATALOGING SOURCE
Original cataloging agency DLC
Transcribing agency DLC
Modifying agency YDX
-- BAKER
-- UKM
-- YUS
-- DLC
042 ## - AUTHENTICATION CODE
Authentication code pcc
043 ## - GEOGRAPHIC AREA CODE
Geographic area code e-uk---
050 00 - LIBRARY OF CONGRESS CALL NUMBER
Classification number LC3715
Item number .B35 2006
082 00 - DEWEY DECIMAL CLASSIFICATION NUMBER
Classification number 370.117
Edition number 22
100 1# - MAIN ENTRY--PERSONAL NAME
Personal name Baker, Colin,
Dates associated with a name 1949-
245 10 - TITLE STATEMENT
Title Foundations of bilingual education and bilingualism /
Statement of responsibility, etc. Colin Baker.
250 ## - EDITION STATEMENT
Edition statement 4th ed.
260 ## - PUBLICATION, DISTRIBUTION, ETC. (IMPRINT)
Place of publication, distribution, etc. Clevedon ;
-- Buffalo :
Name of publisher, distributor, etc. Multilingual Matters,
Date of publication, distribution, etc. c2006.
300 ## - PHYSICAL DESCRIPTION
Extent xii, 492 p. :
Other physical details ill. ;
Dimensions 25 cm.
440 #0 - SERIES STATEMENT/ADDED ENTRY--TITLE
Title Bilingual education and bilingualism ;
Volume/sequential designation 54
504 ## - BIBLIOGRAPHY, ETC. NOTE
Bibliography, etc Includes bibliographical references (p. 441-479) and index.
650 #0 - SUBJECT ADDED ENTRY--TOPICAL TERM
Topical term or geographic name as entry element Education, Bilingual.
650 #0 - SUBJECT ADDED ENTRY--TOPICAL TERM
Topical term or geographic name as entry element Education, Bilingual
Geographic subdivision Great Britain.
650 #0 - SUBJECT ADDED ENTRY--TOPICAL TERM
Topical term or geographic name as entry element Bilingualism.
650 #0 - SUBJECT ADDED ENTRY--TOPICAL TERM
Topical term or geographic name as entry element Bilingualism
Geographic subdivision Great Britain.
856 41 - ELECTRONIC LOCATION AND ACCESS
Materials specified Table of contents
Uniform Resource Identifier <a href="http://www.loc.gov/catdir/toc/ecip0517/2005021289.html">http://www.loc.gov/catdir/toc/ecip0517/2005021289.html</a>
906 ## - LOCAL DATA ELEMENT F, LDF (RLIN)
a 7
b cbc
c orignew
d 1
e ecip
f 20
g y-gencatlg
942 ## - ADDED ENTRY ELEMENTS (KOHA)
Source of classification or shelving scheme
Koha item type Hard Covered Materials
Classification part LC3715 .B35 2006
Holdings
Withdrawn status Lost status Source of classification or shelving scheme Damaged status Not for loan Home library Current library Shelving location Date acquired Source of acquisition Cost, normal purchase price Total Checkouts Full call number Barcode Date last seen Price effective from Koha item type
          MACHAKOS UNIVERSITY LIBRARY MACHAKOS UNIVERSITY LIBRARY Open shelf 01/03/2022 donation Damaris Kimanzi 548.00   LC3715.B35 2006 39068 01/03/2022 01/03/2022 Hard Covered Materials
© Machakos University Library, Along The Highway, Machakos Wote Rd, Machakos, Kenya P.O. Box 136 - 90100 Machakos - Kenya

Tel: ( +254 ) 723 805829 OR Fax : 044-20353 OR Email: library@mksu.ac.ke